Probabilidad y estadística para ingenieros (Registro nro. 301933)

Detalles MARC
000 -ENCABEZADO
Número de control [NR] 01319cam a2200325 a 4500
005 - FECHA Y HORA DE LA ÚLTIMA TRANSACCIÓN
control field 20211105120805.0
008 - DE LONGITUD FIJA DE DATOS DE ELEMENTOS - INFORMACIÓN GENERAL
Elementos de longitud fija [NR] 151117s1999 mx ad fr 001 0 spa d
020 ## - NUMERO INTERNACIONAL NORMALIZADO PARA LIBROS [R]
Número Internacional Normalizado del libro [NR] 9701702646
040 ## - FUENTE DE CATALOGACION [NR]
Agencia de catalogación original [NR] CO-BoUCM
Idioma de catalogación [NR] spa
Quien Cataloga Sandra Palacio
Quien Clasifica Sandra Palacio
041 1# - CODIGO DE IDIOMA [R]
Código de idioma para texto/pista de sonido o título separado [R] Español
Language code of original and/or intermediate translations of text eng
100 1# - ASIENTO PRINCIPAL--NOMBRE PERSONAL [NR]
Nombre personal [NR] Walpole, Ronald E.
ID Autoridad 63227
245 10 - MENCION DE TITULO [NR]
Título [NR] Probabilidad y estadística para ingenieros
Mención de responsabilidad, etc. [NR] Ronald E. Walpole, Raymond H. Myers y Sharon L. Myers ; traducción Ricardo Cruz
250 ## - MENCION DE EDICION [NR]
Mención de edición [NR] 6a ed
260 ## - PUBLICACION, DISTRIBUCION, ETC. (PIE DE IMPRENTA) [R]
Lugar de publicación, distribución, etc. [R] Naucalpan de Juarez (Ciudad de México, México)
Nombre del editor, distribuidor, etc. [R] Pearson Educación
Fecha de publicación, distribución, etc. [R] 1999
300 ## - DESCRIPCION FISICA [R]
Extensión [R] xii, 739 páginas
Otros detalles físicos [NR] ilustraciones, gráficas y tablas
500 ## - NOTA GENERAL [R]
Nota general [NR] Incluye índice
534 ## - NOTA DE VERSION ORIGINAL [R]
Mención de título del original [NR] Probability and statistics for engineers and scientists.
650 #7 - ASIENTO SECUNDARIO DE MATERIA - TERMINO TEMATICO [R]
Término temático o nombre geográfico como elemento de entrada [NR] Probabilidades
9 (RLIN) 22309
Subdivisión general [R] Ingeniería
650 #7 - ASIENTO SECUNDARIO DE MATERIA - TERMINO TEMATICO [R]
Término temático o nombre geográfico como elemento de entrada [NR] Estadística
9 (RLIN) 14984
Subdivisión general [R] Ingeniería
650 #7 - ASIENTO SECUNDARIO DE MATERIA - TERMINO TEMATICO [R]
Término temático o nombre geográfico como elemento de entrada [NR] Variables (Estadística)
9 (RLIN) 26097
650 #7 - ASIENTO SECUNDARIO DE MATERIA - TERMINO TEMATICO [R]
Término temático o nombre geográfico como elemento de entrada [NR] Distribución (Teoría de probabilidades)
9 (RLIN) 13446
650 #7 - ASIENTO SECUNDARIO DE MATERIA - TERMINO TEMATICO [R]
Término temático o nombre geográfico como elemento de entrada [NR] Ingeniería
Subdivisión de forma [R] Métodos estadísticos
9 (RLIN) 73689
650 #7 - ASIENTO SECUNDARIO DE MATERIA - TERMINO TEMATICO [R]
Término temático o nombre geográfico como elemento de entrada [NR] Estadística matemática
9 (RLIN) 14994
690 ## - ASUNTO AGREGADO LOCAL DE ENTRADA - TÉRMINO TEMÁTICO (OCLC, RLIN)
Acceso temático local Matemáticas
9 (RLIN) 19031
700 1# - ASIENTO SECUNDARIO - NOMBRE PERSONAL [R]
Nombre personal [NR] Myers, Raymond H.
Fechas asociadas con el nombre [NR] 1937-
9 (RLIN) 72982
700 1# - ASIENTO SECUNDARIO - NOMBRE PERSONAL [R]
Nombre personal [NR] Myers, Sharon L.
Fechas asociadas con el nombre [NR] 1944-
9 (RLIN) 72983
700 1# - ASIENTO SECUNDARIO - NOMBRE PERSONAL [R]
Nombre personal [NR] Cruz, Ricardo
Término de relación [R] traductor
9 (RLIN) 73691
942 ## - ELEMENTOS DE ENTRADA AGREGADOS (KOHA)
Sistema de clasificación DEWEY
Tema principal Ciencias puras
Tipo de ítem principal el descrito en 300a Libro
Edición 6
Clasificación 519.2
Parte restante de la signatura top. P962pr
Existencias
Fecha de último préstamo Total préstamos Total Renewals Signatura topográfica Código de barras Última vez visto Volúmen / Fascículo Ejemplar Costo de reposición Price effective from Tipo de ítem Perdido Sistema de clasificación Dañado No prestable Tipo de ítem específico Suprimido Ubicación habitual Ubicación actual Localización Fecha de creación Proveedor Forma de adquisición Costo
23/02/2023 9 5 519.2 P962pr 100148187 04/12/2025 6a.Ed. Ej.2 136375.00 10/11/2015 Libro   DEWEY     Libro   Claustro Claustro 4to piso 10/11/2015 37 Compra 136375.00
22/02/2018 1   519.2 P962pr 100148186 04/12/2025 6a.Ed. Ej.1 136375.00 10/11/2015 Libro de reserva   DEWEY     Libro de reserva   Claustro Claustro 4to piso 10/11/2015 37 Compra 136375.00